1925 1677 1855 1342 1914 1455 1589 1417 1544 1483 1667 1702 1920 1446 1904 1237 1214 1715 1128 1594 1237 1631 1988 1691 1129 1862 1722 1569 1434 1264 1826 1166 1414 1109 1939 1586 1754 1000 1264 1273 1865 1189 1698 1227 1773 1470 1992 1639 1517 1950 1453 1631 1751 1948 1323 1408 1355 1773 1355 1185 1491 1727 1291 1889 1114 1264 1373 1774 1526 1139 1942 1036 1145 1349 1809 1628 1189 1782 1721 1289 1509 1402 1448 1006 1897 1824 1694 1135 1668 1339 1018 1776 1321 1689 1229 1877 1532 1620 1455 BCNSPRNW ULIB Ver.6.0+V

เปลี่ยนเป็นภาษาไทย

Change to English
 แสดงรายละเอียดบรรณานุกรม
  กลับหน้าหลัก

Brief Record : Get Marc (ISO 2709) : E-mail record : QR code < ปิดหน้าต่าง
LEADER : 00000nam 2200000uu 4500
001    13399121022
003     ULIB
008    020711s2547 th a 000 0 tha d
020    9789749569344
020    9749569342
050    HA62^bว828ว
100    ฮิโตชิ คุเมะ ,^eเขียน
245    วิธีทางสถิติเพื่อการพัฒนาคุณภาพ /^cฮิโตชิ คุเมะ เขียน ,วีรพงษ์ เฉลิมจิระรัตน์ แปล
250    พิมพ์ครั้งที่ 11
260    กรุงเทพฯ :^bซีเอ็ดยูเคชั่น,^c2547
300    252 หน้า
650    สถิติ
700    วีรพงษ์ เฉลิมจิระรัตน์ ,^eแปล
945    ^p110^l0^i14917
999    ^aทศพร เกษรทอง
รายการนี้ยังไม่มีแท็ก
คุณยังไม่ได้ล็อกอิน คุณสามารถมีกิจกรรมร่วมกับเว็บไซต์ได้ แต่ต้องล็อกอินก่อน ::
  ล็อกอิน

รายการสื่อสารสนเทศ

ลำดับที่ ประเภท เลขเรียก/บาร์โค้ด สถานที่ สถานะ
1. วิทยาศาสตร์การแพทย์ และสุขภาพ
วิทยาศาสตร์การแพทย์ และสุขภาพ
HA62 ว828ว ฉ.1 
  Barcode: 14917
ห้องสมุดวิทยาเขตสวรรค์ประชารักษ์
►หนังสือทั่วไป
บนชั้น

รายการใกล้เคียง
    หัวเรื่อง [สถิติ]

BibComment


ยังไม่เคยถูกคอมเมนท์

คอมเมนท์ทรัพยากรรายการนี้
  คอมเมนท์: วิธีทางสถิติเพื่อ..


 Copyright 2026. Bcnsprnw @Library